Binary Number Decoding - Statistics

General Stats
  • This quiz has been taken 118 times
  • The average score is 10 of 15
Answer Stats
Binary Decimal % Correct
01 1
100%
11 3
93%
100 4
92%
01010 10
91%
1101 13
90%
0111 7
90%
10010 18
86%
101001 41
77%
110001 49
76%
1100101 101
67%
1111111 127
59%
11010101 213
31%
011110010 242
23%
1111111110 1022
16%
101110100111 2983
2%
No matching quizzes found
Score Distribution
Percent of People with Each Score
Percentile by Number Answered
Your Score History
You have not taken this quiz